[Event "DVM U20w 2022"]
[Site "Münster GER"]
[Date "2022.12.29"]
[Round "5"]
[White "Mönster, Madita"]
[Black "Müdder, Melanie"]
[Result "1-0"]
[Termination "normal"]
[Board "2.1"]
[WhiteElo "1916"]
[BlackElo "1927"]
[WhiteClock "00:38:36"]
[BlackClock "00:01:18"]
[WhiteTeam "SK Nordhorn-Blanke"]
[BlackTeam "Schachgesellschaft Solingen e. V."]
[PlyCount "59"]
[WhiteFideId "12947156"]
[BlackFideId "12994103"]
[EventCountry "GER"]
[EventRounds "7"]
[EventType "team-swiss"]
[EventDate "2022.12.26"]

1. e4 {[%clk 01:30:30]} {[%emt 10:57:26]} c5 {[%clk 01:30:30]} {[%emt
00:00:06]} 2. Nf3 {[%clk 01:30:49]} {[%emt 00:00:35]} Nc6 {[%clk 01:30:48]}
{[%emt 00:00:12]} 3. Nc3 {[%clk 01:31:11]} {[%emt 00:00:08]} Nf6 {[%clk
01:29:20]} {[%emt 00:01:58]} 4. Bb5 {[%clk 01:31:28]} {[%emt 00:00:14]} Nd4
{[%clk 01:25:59]} {[%emt 00:03:51]} 5. e5 {[%clk 01:31:16]} {[%emt 00:00:41]}
Nxb5 {[%clk 01:17:35]} {[%emt 00:08:54]} 6. Nxb5 {[%clk 01:31:40]} {[%emt
00:00:06]} Nd5 {[%clk 01:09:45]} {[%emt 00:08:20]} 7. Ng5 {[%clk 01:31:57]}
{[%emt 00:00:12]} f6 {[%clk 00:59:24]} {[%emt 00:10:52]} 8. Qf3 {[%clk
01:32:10]} {[%emt 00:00:17]} Nc7 {[%clk 00:54:43]} {[%emt 00:05:10]} 9. exf6
{[%clk 01:32:12]} {[%emt 00:00:28]} exf6 {[%clk 00:53:09]} {[%emt 00:02:05]}
10. Qh5 {[%clk 01:32:27]} {[%emt 00:00:15]} g6 {[%clk 00:51:44]} {[%emt
00:01:55]} 11. Qe2 {[%emt 00:00:14]} Ne6 {[%clk 00:48:39]} {[%emt 00:03:33]}
12. Nxe6 {[%clk 01:32:51]} {[%emt 00:00:24]} dxe6 {[%clk 00:49:02]} {[%emt
00:00:07]} 13. b3 {[%clk 01:32:53]} {[%emt 00:00:28]} a6 {[%clk 00:44:14]}
{[%emt 00:05:18]} 14. Nc3 {[%clk 01:31:46]} {[%emt 00:01:37]} Bg7 {[%clk
00:40:01]} {[%emt 00:04:43]} 15. Bb2 {[%clk 01:31:33]} {[%emt 00:00:43]} O-O
{[%clk 00:29:50]} {[%emt 00:10:41]} 16. O-O-O {[%clk 01:28:40]} {[%emt
00:03:22]} b5 {[%clk 00:27:47]} {[%emt 00:02:33]} 17. h4 {[%clk 01:20:28]}
{[%emt 00:08:42]} Qa5 {[%clk 00:15:42]} {[%emt 00:12:35]} 18. Kb1 {[%clk
01:13:56]} {[%emt 00:07:03]} Rb8 {[%clk 00:11:21]} {[%emt 00:04:51]} 19. h5
{[%clk 01:05:53]} {[%emt 00:08:33]} c4 {[%clk 00:09:09]} {[%emt 00:02:43]} 20.
hxg6 {[%emt 00:03:10]} hxg6 21. Ne4 {[%clk 00:48:47]} {[%emt 00:14:55]} cxb3
{[%clk 00:08:12]} {[%emt 00:01:56]} 22. axb3 {[%clk 00:48:29]} {[%emt
00:00:48]} e5 {[%clk 00:08:14]} {[%emt 00:00:28]} 23. d4 {[%clk 00:45:36]}
{[%emt 00:03:22]} exd4 {[%clk 00:03:58]} {[%emt 00:04:47]} 24. Bxd4 {[%clk
00:42:12]} {[%emt 00:03:54]} Qc7 {[%clk 00:03:30]} {[%emt 00:00:58]} 25. Nxf6
{[%clk 00:38:01]} {[%emt 00:04:41]} Bxf6 {[%clk 00:01:58]} {[%emt 00:02:02]}
26. Bxf6 {[%clk 00:38:23]} {[%emt 00:00:08]} Rxf6 {[%clk 00:02:17]} {[%emt
00:00:11]} 27. Qe8 {[%clk 00:38:38]} {[%emt 00:00:15]} Kg7 {[%clk 00:00:45]}
{[%emt 00:02:02]} 28. Qh8 {[%clk 00:38:36]} {[%emt 00:00:31]} Kf7 {[%clk
00:01:07]} {[%emt 00:00:08]} 29. Qh7 {[%clk 00:38:20]} {[%emt 00:00:46]} Ke6
{[%clk 00:01:18]} {[%emt 00:00:20]} 30. Qxc7 {[%clk 00:38:36]} {[%emt
00:00:14]} 1-0

[Event "DVM U20w 2022"]
[Site "Münster GER"]
[Date "2022.12.29"]
[Round "5"]
[White "Wilmink, Anna"]
[Black "Sereda, Yaroslava"]
[Result "1/2-1/2"]
[Termination "normal"]
[Board "2.3"]
[WhiteElo "1725"]
[BlackElo "1885"]
[WhiteClock "00:19:25"]
[BlackClock "00:02:02"]
[WhiteTeam "SK Nordhorn-Blanke"]
[BlackTeam "Schachgesellschaft Solingen e. V."]
[PlyCount "126"]
[WhiteFideId "16273680"]
[BlackFideId "14178940"]
[EventCountry "GER"]
[EventRounds "7"]
[EventType "team-swiss"]
[EventDate "2022.12.26"]

1. e4 {[%clk 01:30:57]} {[%emt 00:00:02]} c5 {[%clk 01:30:50]} {[%emt
00:00:10]} 2. Be2 {[%clk 01:31:22]} {[%emt 00:00:05]} e5 {[%clk 01:10:55]}
{[%emt 00:20:25]} 3. d3 {[%clk 01:29:10]} {[%emt 00:02:43]} Nf6 {[%clk
01:08:13]} {[%emt 00:03:12]} 4. f4 {[%clk 01:24:11]} {[%emt 00:05:30]} Nc6
{[%clk 00:59:04]} {[%emt 00:09:39]} 5. Nf3 {[%clk 01:21:26]} {[%emt 00:03:15]}
Qc7 {[%clk 00:57:07]} {[%emt 00:02:28]} 6. fxe5 {[%clk 01:17:45]} {[%emt
00:04:10]} Nxe5 {[%clk 00:57:21]} {[%emt 00:00:16]} 7. O-O {[%clk 01:15:35]}
{[%emt 00:02:40]} Nxf3 {[%clk 00:52:41]} {[%emt 00:05:10]} 8. Bxf3 {[%clk
01:14:41]} {[%emt 00:01:24]} Bd6 {[%clk 00:50:24]} {[%emt 00:02:46]} 9. h3
{[%clk 01:12:46]} {[%emt 00:02:25]} O-O {[%clk 00:48:21]} {[%emt 00:02:34]} 10.
Nc3 {[%clk 01:10:22]} {[%emt 00:02:55]} Be5 {[%clk 00:45:31]} {[%emt 00:03:20]}
11. Kh1 {[%clk 01:03:27]} {[%emt 00:07:24]} d6 {[%clk 00:35:03]} {[%emt
00:10:58]} 12. Bg5 {[%clk 00:59:50]} {[%emt 00:04:08]} Be6 {[%clk 00:33:25]}
{[%emt 00:02:07]} 13. Bxf6 {[%clk 00:49:07]} {[%emt 00:11:14]} Bxf6 {[%clk
00:33:33]} {[%emt 00:00:21]} 14. Bg4 {[%clk 00:49:04]} {[%emt 00:00:32]} Bxg4
{[%clk 00:28:39]} {[%emt 00:05:25]} 15. Qxg4 {[%clk 00:49:04]} {[%emt
00:00:30]} Bxc3 {[%clk 00:28:09]} {[%emt 00:01:00]} 16. bxc3 {[%clk 00:49:23]}
{[%emt 00:00:11]} Rae8 {[%clk 00:24:36]} {[%emt 00:04:03]} 17. Rf3 {[%clk
00:43:56]} {[%emt 00:05:57]} Re6 {[%clk 00:22:06]} {[%emt 00:03:01]} 18. Raf1
{[%clk 00:39:53]} {[%emt 00:04:33]} Rg6 {[%clk 00:20:01]} {[%emt 00:02:35]} 19.
Qf5 {[%clk 00:36:04]} {[%emt 00:04:19]} Rf6 {[%clk 00:18:07]} {[%emt 00:02:24]}
20. Qg5 {[%clk 00:32:08]} {[%emt 00:04:26]} Rxf3 {[%clk 00:16:24]} {[%emt
00:02:13]} 21. Rxf3 {[%clk 00:31:57]} {[%emt 00:00:41]} Qa5 {[%clk 00:12:10]}
{[%emt 00:04:44]} 22. e5 {[%clk 00:26:08]} {[%emt 00:06:20]} dxe5 {[%clk
00:09:46]} {[%emt 00:02:53]} 23. Qxe5 {[%clk 00:25:48]} {[%emt 00:00:50]} Qxa2
{[%clk 00:07:02]} {[%emt 00:03:15]} 24. Qxc5 {[%clk 00:25:52]} {[%emt
00:00:26]} a5 {[%clk 00:06:37]} {[%emt 00:00:55]} 25. d4 {[%clk 00:21:45]}
{[%emt 00:04:37]} a4 {[%clk 00:04:05]} {[%emt 00:03:02]} 26. d5 {[%clk
00:21:12]} {[%emt 00:01:03]} Qxc2 {[%clk 00:03:37]} {[%emt 00:00:57]} 27. d6
{[%clk 00:20:37]} {[%emt 00:01:06]} Qd1 {[%clk 00:03:30]} {[%emt 00:00:37]} 28.
Kh2 {[%clk 00:20:47]} {[%emt 00:00:19]} Rd8 {[%clk 00:02:57]} {[%emt 00:01:03]}
29. Re3 {[%clk 00:15:41]} {[%emt 00:05:36]} g6 {[%clk 00:01:39]} {[%emt
00:01:48]} 30. Re4 {[%clk 00:11:57]} {[%emt 00:04:15]} Qxd6 {[%clk 00:01:04]}
{[%emt 00:01:05]} 31. Qxd6 {[%clk 00:12:15]} {[%emt 00:00:12]} Rxd6 {[%clk
00:01:28]} {[%emt 00:00:06]} 32. Rxa4 {[%clk 00:12:38]} {[%emt 00:00:07]} Rc6
{[%clk 00:00:47]} {[%emt 00:01:11]} 33. c4 {[%clk 00:12:30]} {[%emt 00:00:39]}
Kg7 {[%clk 00:00:51]} {[%emt 00:00:26]} 34. Kg3 {[%clk 00:12:44]} {[%emt
00:00:15]} Kf6 {[%clk 00:00:59]} {[%emt 00:00:22]} 35. Kf4 {[%clk 00:12:56]}
{[%emt 00:00:18]} Ke6 {[%clk 00:00:59]} {[%emt 00:00:30]} 36. g4 {[%clk
00:11:36]} {[%emt 00:01:50]} Kd6 {[%clk 00:00:46]} {[%emt 00:00:44]} 37. Kg5
{[%clk 00:10:15]} {[%emt 00:01:51]} Rc7 {[%clk 00:00:46]} {[%emt 00:00:30]} 38.
Kf4 {[%clk 00:09:53]} {[%emt 00:00:51]} Kc5 {[%clk 00:00:47]} {[%emt 00:00:29]}
39. Ke4 {[%clk 00:09:47]} {[%emt 00:00:36]} Rd7 {[%clk 00:00:41]} {[%emt
00:00:36]} 40. Ke3 {[%clk 00:08:57]} {[%emt 00:01:21]} Rd6 {[%clk 00:00:48]}
{[%emt 00:00:23]} 41. Ra7 {[%clk 00:07:39]} {[%emt 00:01:49]} Rb6 {[%clk
00:00:47]} {[%emt 00:00:31]} 42. Ra4 {[%clk 00:01:25]} {[%emt 00:06:43]} Rb3
{[%clk 00:28:42]} {[%emt 00:02:34]} 43. Kf4 {[%clk 00:29:21]} {[%emt 00:02:35]}
Rxh3 {[%clk 00:27:22]} {[%emt 00:01:50]} 44. Ra7 {[%clk 00:27:44]} {[%emt
00:02:07]} Rb3 {[%clk 00:25:12]} {[%emt 00:02:39]} 45. Kg5 {[%clk 00:27:47]}
{[%emt 00:00:28]} Kxc4 {[%clk 00:24:26]} {[%emt 00:01:17]} 46. Kf6 {[%clk
00:27:34]} {[%emt 00:00:42]} Rf3 {[%clk 00:23:45]} {[%emt 00:01:11]} 47. Kg7
{[%clk 00:27:15]} {[%emt 00:00:50]} b5 {[%clk 00:22:51]} {[%emt 00:01:23]} 48.
Rc7 {[%clk 00:27:07]} {[%emt 00:00:38]} Kb3 {[%clk 00:22:53]} {[%emt 00:00:29]}
49. Kxh7 {[%clk 00:27:17]} {[%emt 00:00:20]} b4 {[%clk 00:22:55]} {[%emt
00:00:28]} 50. Kg7 {[%clk 00:26:47]} {[%emt 00:01:00]} f5 {[%clk 00:17:05]}
{[%emt 00:06:19]} 51. g5 {[%clk 00:25:52]} {[%emt 00:01:26]} Rf1 {[%clk
00:09:03]} {[%emt 00:08:32]} 52. Kxg6 {[%clk 00:25:56]} {[%emt 00:00:25]} f4
{[%clk 00:09:08]} {[%emt 00:00:24]} 53. Kg7 {[%clk 00:24:25]} {[%emt 00:02:01]}
f3 {[%clk 00:09:11]} {[%emt 00:00:27]} 54. g6 {[%clk 00:24:34]} {[%emt
00:00:21]} Kb2 {[%clk 00:03:00]} {[%emt 00:06:42]} 55. Rf7 {[%clk 00:23:39]}
{[%emt 00:01:25]} b3 {[%clk 00:01:50]} {[%emt 00:01:40]} 56. Kf8 {[%clk
00:22:55]} {[%emt 00:01:14]} Ka1 {[%clk 00:00:50]} {[%emt 00:01:30]} 57. g7
{[%clk 00:21:53]} {[%emt 00:01:32]} Rg1 {[%clk 00:00:51]} {[%emt 00:00:29]} 58.
Rxf3 {[%clk 00:19:58]} {[%emt 00:02:25]} b2 {[%clk 00:00:54]} {[%emt 00:00:26]}
59. Ra3 {[%clk 00:19:16]} {[%emt 00:01:12]} Kb1 {[%clk 00:01:14]} {[%emt
00:00:10]} 60. g8=Q {[%clk 00:19:34]} {[%emt 00:00:12]} Rxg8 {[%clk 00:01:35]}
{[%emt 00:00:09]} 61. Kxg8 {[%clk 00:19:13]} {[%emt 00:00:51]} Kc2 {[%clk
00:01:33]} {[%emt 00:00:32]} 62. Ra2 {[%clk 00:19:19]} {[%emt 00:00:24]} Kc1
{[%clk 00:01:38]} {[%emt 00:00:25]} 63. Rxb2 {[%clk 00:19:25]} {[%emt
00:00:24]} Kxb2 {[%clk 00:02:02]} {[%emt 00:00:05]} 1/2-1/2

[Event "DVM U20w 2022"]
[Site "Münster GER"]
[Date "2022.12.29"]
[Round "5"]
[White "Fetahovic, Sarah"]
[Black "Hallfarth, Luise"]
[Result "0-1"]
[Termination "normal"]
[Board "2.4"]
[WhiteElo "1340"]
[BlackElo "1469"]
[WhiteClock "00:23:59"]
[BlackClock "00:27:13"]
[WhiteTeam "Schachgesellschaft Solingen e. V."]
[BlackTeam "SK Nordhorn-Blanke"]
[PlyCount "112"]
[WhiteFideId "34601546"]
[BlackFideId "16250222"]
[EventCountry "GER"]
[EventRounds "7"]
[EventType "team-swiss"]
[EventDate "2022.12.26"]

1. e4 {[%clk 01:30:55]} {[%emt 00:00:05]} Nc6 {[%clk 01:30:43]} {[%emt
00:00:17]} 2. Nf3 {[%clk 01:31:06]} {[%emt 00:00:19]} f5 {[%clk 01:30:29]}
{[%emt 00:00:44]} 3. d3 {[%clk 01:29:31]} {[%emt 00:02:05]} e5 {[%clk
01:29:59]} {[%emt 00:01:00]} 4. Nc3 {[%clk 01:28:44]} {[%emt 00:01:17]} Bb4
{[%clk 01:29:36]} {[%emt 00:00:52]} 5. Bd2 {[%clk 01:27:56]} {[%emt 00:01:19]}
Nf6 {[%clk 01:28:58]} {[%emt 00:01:08]} 6. a3 {[%clk 01:25:48]} {[%emt
00:02:39]} Bxc3 {[%clk 01:28:37]} {[%emt 00:00:50]} 7. Bxc3 {[%clk 01:26:07]}
{[%emt 00:00:11]} fxe4 {[%clk 01:26:27]} {[%emt 00:02:40]} 8. Nxe5 {[%clk
01:14:57]} {[%emt 00:11:40]} Nxe5 {[%clk 01:19:47]} {[%emt 00:07:10]} 9. Bxe5
{[%clk 01:14:21]} {[%emt 00:01:07]} d6 {[%clk 01:15:00]} {[%emt 00:05:16]} 10.
Bxf6 {[%clk 01:02:10]} {[%emt 00:12:41]} Qxf6 {[%clk 01:14:27]} {[%emt
00:01:02]} 11. Rb1 {[%clk 00:45:15]} {[%emt 00:17:26]} O-O {[%clk 01:13:41]}
{[%emt 00:01:16]} 12. Qd2 {[%clk 00:44:15]} {[%emt 00:01:30]} Bd7 {[%clk
01:07:06]} {[%emt 00:07:04]} 13. dxe4 {[%clk 00:41:43]} {[%emt 00:03:02]} Rae8
{[%clk 01:05:45]} {[%emt 00:01:48]} 14. Bc4 {[%clk 00:39:55]} {[%emt 00:02:22]}
Kh8 {[%clk 01:05:09]} {[%emt 00:01:06]} 15. O-O {[%clk 00:39:01]} {[%emt
00:01:24]} Rxe4 {[%clk 01:04:09]} {[%emt 00:01:30]} 16. Bd3 {[%clk 00:33:19]}
{[%emt 00:06:11]} Rg4 {[%clk 01:02:08]} {[%emt 00:02:27]} 17. Rfe1 {[%clk
00:28:50]} {[%emt 00:05:03]} Bc6 {[%clk 00:59:11]} {[%emt 00:03:27]} 18. f3
{[%clk 00:19:30]} {[%emt 00:09:51]} Bxf3 {[%clk 00:55:50]} {[%emt 00:03:51]}
19. Rf1 {[%clk 00:18:05]} {[%emt 00:01:55]} Qg5 {[%clk 00:36:08]} {[%emt
00:20:10]} 20. Qxg5 {[%clk 00:06:24]} {[%emt 00:12:12]} Rxg5 {[%clk 00:36:14]}
{[%emt 00:00:25]} 21. Rf2 {[%clk 00:05:23]} {[%emt 00:01:32]} Rf6 {[%clk
00:22:41]} {[%emt 00:14:01]} 22. Re1 {[%clk 00:04:56]} {[%emt 00:00:58]} Bc6
{[%clk 00:19:13]} {[%emt 00:03:56]} 23. Be4 {[%clk 00:02:57]} {[%emt 00:02:30]}
Re5 {[%clk 00:16:10]} {[%emt 00:03:33]} 24. Rfe2 {[%clk 00:01:56]} {[%emt
00:01:31]} Rfe6 {[%clk 00:09:53]} {[%emt 00:06:46]} 25. Bd3 {[%clk 00:01:58]}
{[%emt 00:00:29]} Rxe2 {[%clk 00:09:44]} {[%emt 00:00:40]} 26. Rxe2 {[%clk
00:02:07]} {[%emt 00:00:20]} Rxe2 {[%clk 00:09:51]} {[%emt 00:00:24]} 27. Bxe2
{[%clk 00:02:34]} {[%emt 00:00:04]} Kg8 {[%clk 00:08:48]} {[%emt 00:01:33]} 28.
Kf2 {[%clk 00:02:20]} {[%emt 00:00:43]} Be4 {[%clk 00:08:10]} {[%emt 00:01:07]}
29. c3 {[%clk 00:01:44]} {[%emt 00:01:06]} Kf7 {[%clk 00:08:15]} {[%emt
00:00:23]} 30. g3 {[%clk 00:01:17]} {[%emt 00:01:00]} Ke6 {[%clk 00:07:54]}
{[%emt 00:00:48]} 31. Ke3 {[%clk 00:00:58]} {[%emt 00:00:52]} d5 {[%clk
00:03:47]} {[%emt 00:04:38]} 32. Kd4 {[%clk 00:00:47]} {[%emt 00:00:41]} b6
{[%clk 00:03:35]} {[%emt 00:00:42]} 33. b4 {[%clk 00:01:06]} {[%emt 00:00:11]}
Kd6 {[%clk 00:03:11]} {[%emt 00:00:55]} 34. Ke3 {[%clk 00:00:44]} {[%emt
00:00:51]} c5 {[%clk 00:03:06]} {[%emt 00:00:34]} 35. b5 {[%clk 00:00:49]}
{[%emt 00:00:26]} Ke5 {[%clk 00:02:57]} {[%emt 00:00:39]} 36. c4 {[%clk
00:00:37]} {[%emt 00:00:43]} Bf5 {[%clk 00:01:16]} {[%emt 00:02:10]} 37. Bf3
{[%clk 00:00:37]} {[%emt 00:00:30]} Be6 {[%clk 00:01:08]} {[%emt 00:00:38]} 38.
cxd5 {[%clk 00:00:37]} {[%emt 00:00:30]} Bxd5 {[%clk 00:01:30]} {[%emt
00:00:07]} 39. Bxd5 {[%clk 00:00:43]} {[%emt 00:00:24]} Kxd5 {[%clk 00:01:55]}
{[%emt 00:00:05]} 40. Kd3 {[%clk 00:01:00]} {[%emt 00:00:13]} c4 {[%clk
00:01:13]} {[%emt 00:01:13]} 41. Kc3 {[%clk 00:01:03]} {[%emt 00:00:26]} Kc5
{[%clk 00:00:32]} {[%emt 00:01:11]} 42. a4 {[%clk 00:01:21]} {[%emt 00:00:13]}
h5 {[%clk 00:27:09]} {[%emt 00:03:53]} 43. h3 {[%clk 00:27:30]} {[%emt
00:04:20]} Kd5 {[%clk 00:25:33]} {[%emt 00:02:07]} 44. g4 {[%clk 00:26:11]}
{[%emt 00:01:49]} hxg4 {[%clk 00:25:43]} {[%emt 00:00:20]} 45. hxg4 {[%clk
00:26:33]} {[%emt 00:00:08]} g5 {[%clk 00:25:54]} {[%emt 00:00:19]} 46. Kb4
{[%clk 00:26:02]} {[%emt 00:01:00]} Kd4 {[%clk 00:25:56]} {[%emt 00:00:26]} 47.
a5 {[%clk 00:26:02]} {[%emt 00:00:32]} Kd3 {[%clk 00:26:01]} {[%emt 00:00:25]}
48. axb6 {[%clk 00:25:28]} {[%emt 00:01:05]} axb6 {[%clk 00:26:21]} {[%emt
00:00:09]} 49. Ka3 {[%clk 00:25:47]} {[%emt 00:00:11]} Kd2 {[%clk 00:26:26]}
{[%emt 00:00:26]} 50. Kb2 {[%clk 00:25:16]} {[%emt 00:01:00]} c3 {[%clk
00:26:48]} {[%emt 00:00:08]} 51. Kb1 {[%clk 00:25:35]} {[%emt 00:00:11]} c2
{[%clk 00:27:07]} {[%emt 00:00:11]} 52. Kb2 {[%clk 00:25:59]} {[%emt 00:00:06]}
c1=Q {[%clk 00:27:03]} {[%emt 00:00:34]} 53. Ka2 {[%clk 00:26:21]} {[%emt
00:00:09]} Qc5 {[%clk 00:26:30]} {[%emt 00:01:02]} 54. Kb3 {[%clk 00:23:22]}
{[%emt 00:03:30]} Qxb5 {[%clk 00:26:42]} {[%emt 00:00:18]} 55. Ka2 {[%clk
00:23:36]} {[%emt 00:00:17]} Kc2 {[%clk 00:26:51]} {[%emt 00:00:21]} 56. Ka3
{[%clk 00:23:59]} {[%emt 00:00:07]} Qb3# {[%clk 00:27:13]} {[%emt 00:00:07]}
0-1